| 000 | 00513cam a2200169 a 4500 | ||
|---|---|---|---|
| 001 | 989183 | ||
| 005 | 20241114092033.0 | ||
| 008 | 860723s1986 miu b 000 0 eng | ||
| 020 |
_a0802800998 (pbk.) : _c$10.95 |
||
| 050 | 0 | 0 |
_aBX4827.B3 _bH59 1986 |
| 082 | 0 | 0 |
_a230/.044/0924 _219 |
| 245 | 0 | 0 |
_aHow Karl Barth changed my mind / _cedited by Donald K. McKim. |
| 260 |
_aGrand Rapids, Mich. : _bW.B. Eerdmans Pub. Co., _cc1986. |
||
| 300 |
_axi, 186 p. ; _c21 cm. |
||
| 700 | 1 | _aMcKim, Donald K. | |
| 942 |
_2lcc _cBK _n0 |
||
| 999 |
_c1162 _d1162 |
||